| 000 | 00812cab a2200277 4500 | ||
|---|---|---|---|
| 001 | ##L135660 | ||
| 008 | 061122n2006 000 0 eng u | ||
| 035 | _a(Sirsi) u135660 | ||
| 041 | 0 | _aeng | |
| 100 | 1 | _aMorrison, Adrian | |
| 245 | 0 | 0 |
_aFocus _bEast Scotland |
| 260 | _c2006 | ||
| 490 | 0 |
_aEstates Gazette _v(0644) 4 November 2006, 127-143(11) |
|
| 520 | _aLooks at the development market in West Edinburgh, retail in Aberdeen, offices in Dundee and supermarkets in Inverness. | ||
| 590 | _aKA | ||
| 651 | 4 | _aEAST SCOTLAND | |
| 651 | 4 | _aEDINBURGH | |
| 651 | 4 | _aABERDEEN | |
| 651 | 4 | _aDUNDEE | |
| 651 | 4 | _aINVERNESS | |
| 651 | 4 | _aCLACKMANNANSHIRE | |
| 690 | _aPROPERTY-COMMERCIAL PROPERTY-COMMERCIAL PROPERTY MARKET | ||
| 700 | 1 | _aMoore, Charlotte | |
| 700 | 1 | _aBaker, Colin | |
| 942 | _n0 | ||
| 999 |
_c77966 _d77966 |
||